Ortega y Gasset / (Record no. 20139)

MARC details
000 -LEADER
campo de control de longitud fija 00713nam a2200205 i 4500
001 - NÚMERO DE CONTROL
campo de control 20139
003 - IDENTIFICADOR DE NÚMERO DE CONTROL
campo de control ES-MaACL
005 - FECHA Y HORA DE LA ÚLTIMA TRANSACCIÓN
campo de control 20250829041753.0
007 - CAMPO FIJO DE DESCRIPCIÓN FÍSICA--INFORMACIÓN GENERAL
campo de control de longitud fija t|
008 - DATOS DE LONGITUD FIJA--INFORMACIÓN GENERAL
campo de control de longitud fija 021107s1970 sp |||| |bspa d
100 1# - ENTRADA PRINCIPAL--NOMBRE DE PERSONA
Nombre de persona Aguado, Emiliano,
Fechas asociadas al nombre 1907-1979
9 (RLIN) 18604
245 10 - MENCIÓN DEL TÍTULO
Título Ortega y Gasset /
Mención de responsabilidad, etc. Emiliano Aguado.
260 ## - PUBLICACIÓN, DISTRIBUCIÓN, ETC.
Lugar de publicación, distribución, etc. [Madrid] :
Nombre del editor, distribuidor, etc. E.P.E.S.A. [Ediciones y Publicaciones Españolas],
Fecha de publicación, distribución, etc. [1970]
300 ## - DESCRIPCIÓN FÍSICA
Extensión 198 p. ;
Dimensiones 17 cm.
490 1# - MENCIÓN DE SERIE
Mención de serie Grandes escritores contemporáneos ;
Designación de volumen o secuencia 32
600 14 - PUNTO DE ACCESO ADICIONAL DE MATERIA--NOMBRE DE PERSONA
Nombre de persona Ortega y Gasset, José,
Fechas asociadas al nombre 1883-1955-
Subdivisión general Crítica e interpretación
9 (RLIN) 87505
830 10 - PUNTO DE ACCESO ADICIONAL DE SERIE-TÍTULO UNIFORME
Título uniforme Grandes escritores contemporáneos (Epesa)
Designación de volumen o secuencia 32
9 (RLIN) 180697
852 ## - LOCALIZACIÓN
Ubicación ES-MaACL
Número de control de estantería C-40765
Holdings
Estatus retirado Estado de pérdida Estado de daño No para préstamo Biblioteca de origen Biblioteca actual Ubicación en estantería Fecha de adquisición Fuente de adquisición Total de préstamos Signatura topográfica completa Código de barras Visto por última vez Precio de reemplazo Tipo de ítem Koha
        Biblioteca del Ateneo de Madrid Biblioteca del Ateneo de Madrid Depósito 2 17/01/2008     C-40765 1020641 23/02/2023 23/02/2023 Libro impreso